Les 50... - Édition Fruits - Statistiques

Statistiques générales
  • Ce quiz a été pris 307 fois
  • Le résultat moyen est 28 sur 50
Statistiques - réponses
Réponse % Correct
Fraise
98%
Pomme
98%
Poire
96%
Framboise
95%
Banane
94%
Orange
92%
Pêche
90%
Mangue
86%
Tomate
85%
Cerise
84%
Ananas
81%
Kiwi
81%
Melon
81%
Pastèque
80%
Abricot
79%
Citron
78%
Clémentine
78%
Myrtille
78%
Mûre
76%
Raisin
74%
Mandarine
73%
Fruit de la passion
67%
Groseille
67%
Pamplemousse
65%
Prune
65%
Litchi
63%
Nectarine
60%
Papaye
60%
Grenade
55%
Noix de coco
54%
Goyave
53%
Avocat
52%
Pitaya|Fruit du dragon
52%
Cassis
48%
Figue
42%
Kaki
40%
Datte
37%
Rhubarbe
23%
Kumquat
19%
Canneberge|Cranberry
17%
Carambole
15%
Lime
13%
Mangoustan
7%
Nashi
3%
Cantaloup
2%
Corossol
2%
Longane
1%
Baie de sureau
0%
Pomme jaque|Jaquier|Fruit du pauvre
0%
Sapote
0%
Aucun quiz correspondant
Distribution des résultats
% des personnes avec chaque résultat
Percentile par nombre de réponses
Votre historique - résultats
Vous n’avez pas pris ce quiz